书目信息 |
| 题名: |
新世纪企业安全执法创新模式与支撑理论
|
|
| 作者: | 包国忠 , 赵千里 , 高建科 著 | |
| 分册: | ||
| 出版信息: | 北京 冶金工业出版社 2007.04 |
|
| 页数: | 11, 304页 | |
| 开本: | 26cm | |
| 丛书名: | ||
| 单 册: | ||
| 中图分类: | TD7 | |
| 科图分类: | ||
| 主题词: | 矿山安全--kuang shan an quan--安全生产--研究 | |
| 电子资源: | ||
| ISBN: | 978-7-5024-4248-4 | |
| 000 | 01125nam0 2200277 450 | |
| 001 | 012008814989 | |
| 005 | 20080508113751.48 | |
| 010 | @a978-7-5024-4248-4@dCNY55.00 | |
| 100 | @a20080508d2007 em y0chiy0120 ea | |
| 101 | 0 | @achi |
| 102 | @aCN@b110000 | |
| 105 | @ay a 000yy | |
| 106 | @ar | |
| 200 | 1 | @a新世纪企业安全执法创新模式与支撑理论@Axin shi ji qi ye an quan zhi fa chuang xin mo shi yu zhi cheng li lun@f包国忠 ... [等] 著@Fbao guo zhong...[deng]zhu |
| 210 | @a北京@c冶金工业出版社@d2007.04 | |
| 215 | @a11, 304页@d26cm | |
| 304 | @a题名页题: 包国忠, 赵千里, 高建科, 薛希忠等著 | |
| 320 | @a有书目 (第299-304页) | |
| 330 | @a本书从思想观念理念创新、监管体制机制创新、监管手段模式创新、安全科技创新和安全文化创新等几个方面对矿山企业安全管理配套制度建设支撑体系、安全教育培训支撑体系、企业安全文化建设支撑体系等进行了重点详解和阐述。 | |
| 606 | 0 | @a矿山安全@Akuang shan an quan@x安全生产@x研究 |
| 690 | @aTD7@v4 | |
| 701 | 0 | @a包国忠@Abao guo zhong@4著 |
| 701 | 0 | @a赵千里@Azhao qian li@4著 |
| 701 | 0 | @a高建科@Agao jian ke@4著 |
| 801 | 0 | @aCN@bQSSK@c20080508 |
| 905 | @b707181-83@dTD7@eB214@f3 | |
| 新世纪企业安全执法创新模式与支撑理论/包国忠 ... [等] 著.-北京:冶金工业出版社,2007.04 |
| 11, 304页;26cm |
| ISBN 978-7-5024-4248-4:CNY55.00 |
| 本书从思想观念理念创新、监管体制机制创新、监管手段模式创新、安全科技创新和安全文化创新等几个方面对矿山企业安全管理配套制度建设支撑体系、安全教育培训支撑体系、企业安全文化建设支撑体系等进行了重点详解和阐述。 |
| ● |
| 相关链接 |
|
|
|
正题名:新世纪企业安全执法创新模式与支撑理论
索取号:TD7/B214
 
预约/预借
| 序号 | 登录号 | 条形码 | 馆藏地/架位号 | 状态 | 备注 |
| 1 | 707181 | 207071817 | 自科库501/501自科库 21排2列2层/ [索取号:TD7/B214] | 在馆 | |
| 2 | 707182 | 207071826 | 自科二线504/504自科库 41排6列6层/ [索取号:TD7/B214] | 在馆 | |
| 3 | 707183 | 207071835 | 期刊室512/501自科库 21排2列2层/ [索取号:TD7/B214] | 在馆 |